000 01834cad a22002775a 4500
001 L145082
008 080904s2008 xxkdo f 000 0 eng d
035 _a(Sirsi) u145082
041 0 _aeng
050 0 4 _a306.52 $2 18
100 1 _aDuggan, Gemma
245 0 2 _aA real choice for tenants?
_h[electronic resource]
260 _aLondon
_bHousing Corporation
_c2008
505 2 _aClarity around choice -- deconstructing housing associations? -- a model for OFTENANT to develop choices for tenants? -- developing information and support for tenants making choices
505 2 _aAppendices: previous experience of choice of provider in the social housing sector; the position re. VAT on management agreements; Cave's view of choice; comparing social housing and the utilities sector; research methods; contributors to the research
520 _aResearch responds to the Cave Review of Social Housing Regulation and investigates the matter of provider choice in social housing. The focus on choice and competition could bring about real change to both the regulator and the sector as a whole and the authors seek to explore how tenants might be given an element of control over their provider. Highlights the fact that 93% of tenants polled would like more choice over their housing aspirations and that 57% of tenants believe that they have next to no choice under current arrangements.
521 _aAdvanced
590 _aKA
650 2 4 _aCAVE REVIEW OF SOCIAL HOUSING REGULATION
651 4 _aEngland and Wales
_y1543-
690 _aPROPERTY-RESIDENTIAL PROPERTY-RESIDENTIAL LANDLORD AND TENANT
700 1 _aLomax, Angela
700 1 _aLupton, Mark
856 4 0 _uhttps://www.housingcorp.gov.uk/server/show/ConWebDoc.14899/changeNav/440
_zView the item free of charge online at www.housingcorp.gov.uk...
942 _n0
999 _c108689
_d108689